Tamerlane : (Record no. 233707)

000 -LEADER
fixed length control field 01140cam a2200313 a 4500
001 - CONTROL NUMBER
control field 13992284
003 - CONTROL NUMBER IDENTIFIER
control field Nust
005 - DATE AND TIME OF LATEST TRANSACTION
control field 20170310110409.0
008 - FIXED-LENGTH DATA ELEMENTS--GENERAL INFORMATION
fixed length control field 040926s2004 enkab b 001 0beng
010 ## - LIBRARY OF CONGRESS CONTROL NUMBER
LC control number 2005415041
015 ## - NATIONAL BIBLIOGRAPHY NUMBER
National bibliography number GBA3-Z8885
020 ## - INTERNATIONAL STANDARD BOOK NUMBER
International Standard Book Number 9780007116126
035 ## - SYSTEM CONTROL NUMBER
System control number (NjP)4245933
035 ## - SYSTEM CONTROL NUMBER
System control number (CStRLIN)NJPGV4245933-B
040 ## - CATALOGING SOURCE
Original cataloging agency UKM
Transcribing agency UKM
Modifying agency IXA
-- DLC
-- ys02 2007-06-25
050 00 - LIBRARY OF CONGRESS CALL NUMBER
Classification number DS23
Item number .M34 2004
082 04 - DEWEY DECIMAL CLASSIFICATION NUMBER
Classification number 950.2
Author Mark MAR
100 1# - MAIN ENTRY--PERSONAL NAME
Personal name Marozzi, Justin,
Dates associated with a name 1970-
245 10 - TITLE STATEMENT
Title Tamerlane :
Remainder of title sword of Islam, conqueror of the world /
Statement of responsibility, etc. Justin Marozzi.
260 ## - PUBLICATION, DISTRIBUTION, ETC.
Place of publication, distribution, etc. London :
Name of publisher, distributor, etc. HarperCollins,
Date of publication, distribution, etc. 2004.
300 ## - PHYSICAL DESCRIPTION
Extent xxiv, 449 p. :
Other physical details ill., maps ;
Dimensions 24 cm.
504 ## - BIBLIOGRAPHY, ETC. NOTE
Bibliography, etc. note Includes bibliographical references (p. 425-433) and index.
600 00 - SUBJECT ADDED ENTRY--PERSONAL NAME
Personal name Timur,
Dates associated with a name 1336-1405.
650 #0 - SUBJECT ADDED ENTRY--TOPICAL TERM
Topical term or geographic name entry element Mongols
General subdivision Kings and rulers
Form subdivision Biography.
650 #0 - SUBJECT ADDED ENTRY--TOPICAL TERM
Topical term or geographic name entry element Conquerors
Geographic subdivision Asia
Form subdivision Biography.
651 #0 - SUBJECT ADDED ENTRY--GEOGRAPHIC NAME
Geographic name Asia
General subdivision History
Chronological subdivision To 1500.
906 ## - LOCAL DATA ELEMENT F, LDF (RLIN)
a 7
b cbc
c copycat
d 2
e ncip
f 20
g y-gencatlg
942 ## - ADDED ENTRY ELEMENTS (KOHA)
Source of classification or shelving scheme
Koha item type Book
Holdings
Withdrawn status Lost status Source of classification or shelving scheme Damaged status Not for loan Collection code Permanent Location Current Location Shelving location Date acquired Total Checkouts Total Renewals Full call number Barcode Date last seen Date last checked out Copy number Price effective from Koha item type
            Central Library (CL) Central Library (CL) Fiction 03/10/2017 2 3 950.2 MAR CL2941 06/25/2025 12/28/2021 1 03/10/2017 Book
© 2023 Central Library, National University of Sciences and Technology. All Rights Reserved.